BIBLIOTHÈQUE DE LA MAISON DU MEXIQUE

Logo 1 Logo 2

Obras (Registro nro. 9857)

Detalles MARC
000 -Sello discográfico
campo de control de longitud fija 01243nam a2200349 4500
005 - Identificación de versión
campo de control 20251017062815.0
010 ## - Número Estándar Internacional de Libros (ISBN)
Número (ISBN) 968-16-5613-X (v. 1)
010 ## - Número Estándar Internacional de Libros (ISBN)
Número (ISBN) 968-16-5614-8 (v.2)
035 ## - Otros números de control del sistema
Número de control del sistema 8849
099 ## - fechas locales
Tipo de ítem Koha LIBRO
100 ## - Datos de procesamiento general
Datos de procesamiento general 20031110d1998 m y1spay5003 ba
105 ## - Campo de datos codificados: Material textual, monográfico
Datos codificados de monografía y 001by
200 1# - Título y mención de responsabilidad
Título propio Obras
Designación general del material texto impreso
Otra información del título Dramaturgia y teoría escénica
Primer mención de responsabilidad Héctor Azar
Declaración de responsabilidad subsiguiente compilación y prólogo Pedro Angel Palou
205 ## - Declaración de edición
Declaración de edición 1a ed
210 ## - Publicación, distribución, etc.
Lugar de publicación, distribución, etc. México
Nombre del editor, distribuidor, etc. Fondo de Cultura Económica
Fecha de publicación, distribución, etc. 1998
215 ## - Descripción física
Designación de material específico y extensión del ítem 2 v
Dimensiones 22 cm
300 ## - Notas generales
Texto de la nota La biblioteca cuenta únicamente con el v.2
327 ## - Nota de contenidos
Texto de la nota v.1: I.Dramaturgia -- v.2: II.Versiones y paráfrasis (Teatro didáctico) -- III.Teoría escénica: educación y entornos culturales -- IV.Arte y circunstancia -- V.Las señales Cadac
345 ## - Nota de información de adquisición
Fuente de adquisición/dirección de la suscripción [OBSOLETO] Donación del FCE
410 #1 - Series
Título Letras mexicanas
606 ## - Término temático usado como materia
Elemento de entrada Teatro mexicano
Subdivisión cronológica Siglo XX
Número Koha 167
660 ## - Código de área geográfica
Código MX
700 ## - Nombre personal - Responsabilidad primaria
Elemento de entrada Azar Barbar
Parte del nombre distinta del elemento de entrada Héctor
Fechas 1930-2000
Número Koha 2501
702 ## - Nombre personal - Responsabilidad secundaria
Elemento de entrada Palou Pérez
Parte del nombre distinta del elemento de entrada Pedro Angel
Fechas 1932-2018
Número Koha 6869
801 #0 - Fuente de origen
Agencia cm
900 ## -
-- 1/4902
900 ## -
-- 7100316660\101103
942 ## - ELEMENTOS DE ENTRADA SECUNDARIOS (KOHA)
Tipo de ítem Koha Libro
996 ## -
-- MEX
-- 751145101
-- MMAG
-- 003839
-- 860.82 L649S V.256
-- 20200109LIV
Existencias
Estatus retirado Estado de daño Estado de pérdida Fecha de adquisición Biblioteca de origen Biblioteca actual Ubicación en estantería Código de barras Precio de reemplazo Signatura topográfica completa No para préstamo Tipo de ítem Koha Nota pública Nota no pública
      05/08/2025 Casa México Paris Casa México Paris   003839 05/08/2025 860.82 L649S V.256   Libro 20200109LIV 751145101